000
00287nam a22001337a 4500
008
180903b xxu||||| |||| 00| 0 eng d
020
_a
0030567831
041
_a
eng
080
_a
51
100
_a
37
101
_a
MAT
245
_a
Intermediate Calculus
_c
Hurley.j.f
942
_2
udc
_c
BK
999
_c
47434
_d
47434